Architecture After Modernism /

Na minha lista:
Detalhes bibliográficos
Autor principal: Ghirardo, Diane (Author)
Formato: Livro
Idioma:inglês
Publicado em: London : Thames and Hudson Ltd, 1996
Edição:1. vydanie
Colecção:World of Art
Assuntos:
Tags: Adicionar Tag
Sem tags, seja o primeiro a adicionar uma tag!

MARC

LEADER 00000nam a22000003a 4500
001 0102049
003 SK-STU
005 20230519125725.2
007 ta
008 230519s ----xo-----e------000-0-----d
020 |a 0-500-20294-X 
040 |a STU  |b slo 
041 0 |a eng 
044 |a xxk 
100 1 |a Ghirardo, Diane  |4 aut 
245 1 0 |a Architecture After Modernism /  |c aut. Diane Ghirardo 
250 |a 1. vydanie 
260 |a London :  |b Thames and Hudson Ltd,  |c 1996 
300 |a 240 s.  |b 166 ill., 40 in colour 
490 0 |a World of Art 
650 0 7 |a architektúra svetová 
650 0 7 |a 20. storočie 
650 0 7 |a 1965-1995 
650 0 7 |a architekti 
650 0 7 |a obytné budovy 
650 0 7 |a občianske budovy 
996 |b 284AU09712  |c A* 13074/U  |l AAKNAR  |s A  |a 24  |w 0102049_0001